|
|
|
|
| LEADER |
00800cam a2200193 7i4500 |
| 001 |
0000022560 |
| 005 |
20090416090000.0 |
| 090 |
0 |
0 |
|a P 391
|b GAR
|
| 245 |
0 |
0 |
|a Garments :
|b a survey of the market for garments in Denmark :
|b a survey of the market for garments in Denmark :
|b April 2006.
|
| 260 |
0 |
0 |
|a Copenhagen:
|b Danish Chamber of Commerce,
|c 2006.
|
| 300 |
# |
# |
|a 33 p.
|
| 650 |
0 |
0 |
|a Garments --
|x Markets --
|z Denmark
|
| 650 |
0 |
0 |
|a Apparel --
|x Markets --
|z Denmark
|
| 650 |
0 |
0 |
|a Clothing and dress --
|x Markets --
|z Denmark
|
| 650 |
0 |
0 |
|a Packaging --
|x Law and legislation --
|z Denmark
|
| 650 |
0 |
0 |
|a Exhibitions --
|z Denmark
|
| 651 |
0 |
0 |
|a Denmark
|
| 710 |
2 |
1 |
|a Danish Import Promotion Office for Products from Developing Countries (DIPO)
|
| 999 |
|
|
|a 0000022977
|b Book
|c Products
|e Business Information Centre
|